00460nam a2200145Ia 450000500170000000800410001710000180005824500660007626000100014230000110015265000130016394200070017699900170018395201140020020260328104316.0260328s9999||||xx |||||||||||||| ||und|| aMinguet, Anna 0aEco Homes in unusual Places living in Nature /cAnna Minguet bMonsa a134 p. aVIVIENDA cBK c11158d11158 001040708GENaGPCbGPCcGENd2026-03-28i5405l0o725 M 3662p5405r2026-03-28 15:43:16t1w2026-03-28yBK